| 000 | 00402nam a22001577a 4500 | ||
|---|---|---|---|
| 003 | OSt | ||
| 005 | 20250524102219.0 | ||
| 008 | 250524b |||||||| |||| 00| 0 eng d | ||
| 020 | _a978-93-6958-207-5 | ||
| 040 | _cIIMT UNIVERSITY | ||
| 100 | _aSHARMA, PRIYANKA | ||
| 245 | _aNCTE 2025-26 TEACHING APTITUDE AND GENERAL TEST | ||
| 260 |
_aNEW DELHI _bS. CHAND _c2025 |
||
| 300 | _a226 | ||
| 942 |
_2ddc _c01 |
||
| 999 |
_c65699 _d65699 |
||